000 00700nam a2200241Ia 4500
003 OSt
005 20220923223919.0
006 a|||||r|||| 00| 0
007 ta
008 220922b |||||||| |||| 00| 0 hin d
024 _a223,221
037 _cTextual
040 _aARTS
_cARTS
_bhin
041 _2hin
_ahin
082 _aB9xJ71, 152P4
100 _aमुळे, गुणाकर
_9156291
245 0 _aकेपलर
246 _aKepalara
260 _aनयी दिल्ली
_b राजकमल प्रकाशन
_c2004
300 _a100पृ.
_ccm.
942 _hB9xJ71, 152P4
_cTEXL
_2CC
999 _c368188
_d368188